Miedo líquido : la sociedad contemporánea y sus temores /

Guardado en:
Autor Principal: Bauman, Zygmunt
Formato: Libro
Publicado: Buenos Aires : Paidós, 2008
Series:Estado y sociedad; No. 146
Materias:
Etiquetas: Agregar Etiqueta
Sin Etiquetas, Sea el primero en etiquetar este registro!
LEADER 00867nam a22002295a 4500
001 CEM.cems013064
005 20081107111013.0
008 130507s2008##################000#0#####d
003 CEMS
020 |a 9789501254006 
082 0 4 |a 149.2 
100 1 |a Bauman, Zygmunt 
245 1 0 |a Miedo líquido :  |b la sociedad contemporánea y sus temores /  |c Zygmunt Bauman 
260 |a Buenos Aires :  |b Paidós,  |c 2008 
300 |a 232 p. 
490 0 |a Estado y sociedad; No. 146 
505 0 |a Sobre el origen, la dinámica y los usos del miedo -- El terror de la muerte -- El miedo y el mal -- El horror de lo inmanejable -- Los terrores de lo global -- Hacer aflorar los miedos -- Pensamiento contra miedo 
653 |a Posmodernidad 
653 |a Modernidad líquida 
653 |a Modernidad 
653 |a Filosofía 
859 |a CEMS  |b BIB. CEMS - 11 de abril  |h 149.2  |i B323  |p 25482.08  |t Ej.1